Atlas of Infectious Diseases: (Record no. 4819)

MARC details
000 -LEADER
fixed length control field 00648nam a22002057a 4500
003 - CONTROL NUMBER IDENTIFIER
control field OSt
005 - DATE AND TIME OF LATEST TRANSACTION
control field 20160721151117.0
008 - FIXED-LENGTH DATA ELEMENTS--GENERAL INFORMATION
fixed length control field 150522b xxu||||| |||| 00| 0 eng d
020 ## - INTERNATIONAL STANDARD BOOK NUMBER
International Standard Book Number 1573041366
040 ## - CATALOGING SOURCE
Transcribing agency DNLM
082 ## - DEWEY DECIMAL CLASSIFICATION NUMBER
Classification number WC17 A65g 2000.
100 ## - MAIN ENTRY--PERSONAL NAME
Personal name Edited by Mandell,L.Gerald,Diamond,D.Richard;
9 (RLIN) 10335
245 ## - TITLE STATEMENT
Title Atlas of Infectious Diseases:
Remainder of title Fungal Infections.
260 ## - PUBLICATION, DISTRIBUTION, ETC. (IMPRINT)
Place of publication, distribution, etc. Philadelphia:
Name of publisher, distributor, etc. Churchill Livingstone;
Date of publication, distribution, etc. 2000.
300 ## - PHYSICAL DESCRIPTION
Extent ix, different numbering:
Other physical details col.ill;
Dimensions 28 cm
504 ## - BIBLIOGRAPHY, ETC. NOTE
Bibliography, etc Includes bibliographical references and index
650 ## - SUBJECT ADDED ENTRY--TOPICAL TERM
Source of heading or term Fungal infections
700 ## - ADDED ENTRY--PERSONAL NAME
Personal name Mandell Gerald L.
9 (RLIN) 4868
942 ## - ADDED ENTRY ELEMENTS (KOHA)
Source of classification or shelving scheme Other/Generic Classification Scheme
Koha item type Open Shelf
Holdings
Withdrawn status Lost status Source of classification or shelving scheme Damaged status Not for loan Home library Current library Date acquired Source of acquisition Inventory number Total Checkouts Full call number Barcode Date last seen Price effective from Koha item type
    Other/Generic Classification Scheme     MUST Main Library MUST Main Library 21/07/2016   06/26333   WC17 A65g 2000. 2016-3346 21/07/2016 21/07/2016 Open Shelf